Online Catalogue and eLibrary

Handbook of federal countries, 2005 / (Record no. 441)

MARC details
000 -LEADER
fixed length control field 00832cam a2200229 a 4500
001 - CONTROL NUMBER
control field 14166393
005 - DATE AND TIME OF LATEST TRANSACTION
control field 20240220064915.0
008 - FIXED-LENGTH DATA ELEMENTS--GENERAL INFORMATION
fixed length control field 051109s2005 qucb bf 000 0 eng
020 ## - INTERNATIONAL STANDARD BOOK NUMBER
ISBN 0773528811
040 ## - CATALOGING SOURCE (பட்டியலாக்க மூலம்)
Original cataloging agency NLC
Language of cataloging eng
Transcribing agency NLC
Modifying agency OCLCQ
-- C#P
-- VP@
-- B2Q
-- DLC
082 04 - DDC Classification
Class No. 321.02
DDC Edition Number 22
Item Number - Author Mark HAN.
245 00 - TITLE STATEMENT
Title Handbook of federal countries, 2005 /
Statement of responsibility, etc. edited by Ann L. Griffiths ; coordinated for the Forum of Federations by Karl Nerenberg.
260 ## - PUBLICATION, DISTRIBUTION, ETC.
Place of publication, distribution, etc. London :
Name of publisher, distributor, etc. McGill-Queen's University Press /
Date of publication, distribution, etc. 2005.
300 ## - PHYSICAL DESCRIPTION
Extent (e.g. Volumes, Pages etc.) xviii, 462 p. :
650 #0 - SUBJECT ADDED ENTRY--TOPICAL TERM
Topical term or geographic name entry element Federal government
650 #6 - SUBJECT ADDED ENTRY--TOPICAL TERM
Topical term or geographic name entry element Gouvernement fédéral
700 1# - ADDED ENTRY--PERSONAL NAME
Personal name Griffiths, Ann L.
Relator term (Role) Editor
700 1# - ADDED ENTRY--PERSONAL NAME
Personal name Nerenberg, Karl.
Relator term (Role) Editor
856 41 - ELECTRONIC LOCATION AND ACCESS
Uniform Resource Identifier <a href="http://www.loc.gov/catdir/toc/fy0602/2005639082.html">http://www.loc.gov/catdir/toc/fy0602/2005639082.html</a>
856 42 - ELECTRONIC LOCATION AND ACCESS
Uniform Resource Identifier <a href="http://www.loc.gov/catdir/enhancements/fy1002/2005639082-b.html">http://www.loc.gov/catdir/enhancements/fy1002/2005639082-b.html</a>
942 ## - Koha item type (Biblio)
Koha item type Books in Stacks (Lending)
Holdings
Lost status Damaged status Collection code Home library Current library Date acquired Full call number Accession Number Item type
    Lending WERC Library WERC Library 02/20/2024 321.02 HAN. 6208 Books in Stacks (Lending)

© WERC Library